L'influence de la découverte de l'Amérique sur le bonheur du genre-humain / (Record no. 154285)
[ view plain ]
| 000 -LEADER | |
|---|---|
| campo de control de longitud fija | 01104nam a22002055i 4500 |
| 001 - NÚMERO DE CONTROL | |
| campo de control | 154285 |
| 003 - IDENTIFICADOR DE NÚMERO DE CONTROL | |
| campo de control | ES-MaACL |
| 005 - FECHA Y HORA DE LA ÚLTIMA TRANSACCIÓN | |
| campo de control | 20250730153548.0 |
| 008 - DATOS DE LONGITUD FIJA--INFORMACIÓN GENERAL | |
| campo de control de longitud fija | 011010s1788 fr af |||| | fre d |
| 040 ## - FUENTE DE CATALOGACIÓN | |
| Centro catalogador/agencia de origen | CCPB | B |
| Lengua de catalogación | spa |
| Centro/agencia transcriptor | CCPB | B |
| 100 1# - ENTRADA PRINCIPAL--NOMBRE DE PERSONA | |
| Nombre de persona | Genty, Louis ( |
| Fechas asociadas al nombre | 1743-1817) |
| 9 (RLIN) | 154045 |
| 245 12 - MENCIÓN DEL TÍTULO | |
| Título | L'influence de la découverte de l'Amérique sur le bonheur du genre-humain / |
| Mención de responsabilidad, etc. | por L'abbé Genty. |
| 260 ## - PUBLICACIÓN, DISTRIBUCIÓN, ETC. | |
| Lugar de publicación, distribución, etc. | A Paris : |
| Nombre del editor, distribuidor, etc. | chez Nyon l'ainé & fils, |
| Fecha de publicación, distribución, etc. | 1788. |
| 300 ## - DESCRIPCIÓN FÍSICA | |
| Extensión | X, 352 p., [1] h. de grab., [1] h. de map. ; |
| Dimensiones | 20 cm. |
| 597 ## - NOTA DE DESCRIPCIÓN FÍSICA | |
| NOTA DE DESCRIPCIÓN FÍSICA | Sign.: []4, A-Y8. |
| 599 ## - NOTA A LAS ILUSTRACIONES | |
| NOTA A LAS ILUSTRACIONES | La h. de grab. calc. |
| 651 #4 - PUNTO DE ACCESO ADICIONAL DE MATERIA--NOMBRE GEOGRÁFICO | |
| Nombre geográfico | América española- |
| Subdivisión general | Historia- |
| Subdivisión cronológica | 1492-1600 (Descubrimiento y conquista) |
| 9 (RLIN) | 7724 |
| 852 ## - LOCALIZACIÓN | |
| Ubicación | ES-MaACL |
| Número de control de estantería | R-1450 |
| Nota libre | -- Enc. perg. |
| condición física | -- Falto de la h. de grab., únicamente tiene la h. de map. pleg. calc.: "Nouvelle carte des parties occidentales du monde, servant à indiques les navigations découvertes et etablissements des hollandois en Amerique", "Gravé par Lattré" |
| Encuadernación | -- Edic.: corregir en tit. "influence" no "influencia" |
| -- | Olim: G-15591 |
| Estatus retirado | Estado de pérdida | Estado de daño | No para préstamo | Colección | Biblioteca de origen | Biblioteca actual | Ubicación en estantería | Fecha de adquisición | Fuente de adquisición | Total de préstamos | Signatura topográfica completa | Código de barras | Visto por última vez | Precio de reemplazo | Tipo de ítem Koha |
|---|---|---|---|---|---|---|---|---|---|---|---|---|---|---|---|
| Libros del s. XVIII | Biblioteca del Ateneo de Madrid | Biblioteca del Ateneo de Madrid | Depósito | 17/01/2008 | R-1450 | 1161335 | 23/02/2023 | 23/02/2023 | Libro impreso antiguo |
